000 00875cab a2200301 4500
001 ABS56382
008 090401t1996 xxu||||| |||| 00| 0 eng d
035 _a(Sirsi) u23230
041 _aeng
100 _aSangster, A
245 _aFeasting on a brewing bonanza
260 _c1996
350 _a0
490 _aEstates Gazette
_v(9649) 7 December 1996, 56-58(3)
520 _aDiscusses the transformation of the brewing industry as the UK pub market booms. Notes the diversification into catering and the emergence of `superpubs`.
650 _aBREWERIES
650 _aBREWING INDUSTRY
650 _aCATERING
650 _aPUB LEASES
650 _aPUB MARKET
650 _aPUBLIC HOUSES
650 _aPUBS
650 _aSTATISTICS
690 _aPROPERTY-COMMERCIAL PROPERTY
690 _aLEISURE AND RECREATION
942 _n0
948 _c04/03/1997
999 _c15544
_d15544